000 00305nam a2200121 i 4500
001 bg
245 0 _aSkorostnoe zubofrezerovanie :
_bspravoenoe posobie /
_cpod red. O.I. Mojseenko.
260 _aKiev,
_c1972.
040 _cBPK
041 _apol
942 _cKS
008 s pl f |000 0 pol
999 _c26634
_d26634
856 _uhttp://koha.tu.koszalin.pl/cgi-bin/koha/opac-detail.pl?biblionumber=26634
_yKatalog online BPK